000 00797nam a22002890a 4500
001 PT20318
003 AR-LpoUNG
005 20210131232913.0
008 191001s1997||||bl |||||||||||||||||por d
020 _a8527104008
_c$41.33
040 _aAR-LpoUNG
_bspa
_cAR-LpoUNG
_eaacr
041 _apor
044 _abl
082 0 _aR910.011 3 447sis
100 1 _aAlmeida Teixeira, Amandio Luís de
245 1 0 _aSistemas de información geográfica :
_bdiccionario ilustrado
250 _a1ra. ed.
260 _aSão Paulo :
_bHucitec,
_c1997.
300 _a243 p. :
_bil.
650 4 _aDICCIONARIOS
650 4 _aGEOGRAFIA
650 4 _aMATERIAL DE REFERENCIA
653 _aSISTEMAS DE INFORMACION GEOGRAFICA
700 1 _aChristofoletti, Antonio
905 _a20318
942 _cLSALA
999 _c18110
_d18110